Southville International School and Colleges
Your cart is empty.
  • Cart
  • Lists
    Public lists Eva Luna New books Lux_list list_1
    Your lists Log in to create your own lists
  • Log in to your account
  • Your cookies
  • Search history
Southville International School and Colleges
  • Advanced search
  • Recent comments
  • Most popular
  • Libraries

Log in to your account

Log in with GOOGLE


If you do not have an external account, but do have a local account, you can still log in:

  1. Home
  2. MARC view: Treasure island /
Normal view MARC view ISBD view

Treasure island / (Record no. 111925)

[ view plain ]
MARC details
000 -LEADER
fixed length control field 00572nam a2200205 a 4500
001 - CONTROL NUMBER
control field 1254
005 - DATE AND TIME OF LATEST TRANSACTION
control field 20140414131924.0
008 - FIXED-LENGTH DATA ELEMENTS--GENERAL INFORMATION
fixed length control field 041122s19uu xx 00 eng d
020 ## - INTERNATIONAL STANDARD BOOK NUMBER
International Standard Book Number 1-85830-016-9
050 ## - LIBRARY OF CONGRESS CALL NUMBER
Classification number ER
Item number T71 1997
100 ## - MAIN ENTRY--PERSONAL NAME
Personal name Johnston, Beryl
245 ## - TITLE STATEMENT
Title Treasure island /
Statement of responsibility, etc story re-told by Beryl Johnston ; illustrated by Jenny Press.
260 ## - PUBLICATION, DISTRIBUTION, ETC. (IMPRINT)
Place of publication, distribution, etc London :
Name of publisher, distributor, etc Grandreams,
Date of publication, distribution, etc 1997.
300 ## - PHYSICAL DESCRIPTION
Extent 1 v. p. : ill. ; cm.
440 ## - SERIES STATEMENT/ADDED ENTRY--TITLE
Title A Classic Tale Storybook.
650 ## - SUBJECT ADDED ENTRY--TOPICAL TERM
Topical term or geographic name as entry element Adventures
General subdivision Fiction.
Holdings
Withdrawn status Lost status Damaged status Use restrictions Home library Current library Shelving location Date acquired Source of acquisition Total Checkouts Full call number Barcode Date last seen Price effective from Koha item type
        Munich Library Munich Library Easy Reading Section 11/22/2004     ER T71 1997 M2863 04/14/2014 04/14/2014 Books
        Munich Library Munich Library Easy Reading Section 11/22/2004     ER T71 1997 M2861 04/14/2014 04/14/2014 Books
        Munich Library Munich Library Easy Reading Section 11/22/2004     ER T71 1997 M2854 04/14/2014 04/14/2014 Books

Treasure island /

APA

Johnston B., . (1997). Treasure island. London: Grandreams.

Chicago

Johnston Beryl, . 1997. Treasure island. London: Grandreams.

Harvard

Johnston B., . (1997). Treasure island. London: Grandreams.

MLA

Johnston Beryl, . Treasure island. London: Grandreams. 1997.

  • Place hold
  • Print
  • Cite
  • Add to your cart (remove)
  • Save record
    BIBTEX Dublin Core MARCXML MARC (non-Unicode/MARC-8) MARC (Unicode/UTF-8) MARC (Unicode/UTF-8, Standard) MODS (XML) RIS
  • More searches
    Search for this title in:
    Other Libraries (WorldCat) Other Databases (Google Scholar) Online Stores (Bookfinder.com) Open Library (openlibrary.org)

Exporting to Dublin Core...

SOUTHVILLE LIBRARY

Southville International School and Colleges Library

1281 Tropical Ave. Cor. Luxembourg St., BF Homes International, Las Pinas City

Tel. No. 8256374 / 252358 Loc. 117/146

Powered by Koha